| 000 | 00528nam a22001817a 4500 | ||
|---|---|---|---|
| 003 | CEME | ||
| 005 | 20210628205726.0 | ||
| 008 | 210309b xxu||||| |||| 00| 0 eng d | ||
| 020 | _a0-89006-202-1 | ||
| 040 | _c. | ||
| 082 | _a621.3848 PRI | ||
| 100 |
_aCurrie, Nicholas.C Brown, Charles.E _976842 |
||
| 245 | _aPrinciples and applications of millimeter-wave radar | ||
| 260 |
_aLONDON _bARTECH HOUSE _c1987 |
||
| 300 | _a874P | ||
| 650 |
_aWAVE RADAR MILLIMETER-WAVE RADAR MILLIMETER WAVES RADAR _976843 |
||
| 942 |
_cBK _2ddc |
||
| 999 |
_c582159 _d582159 |
||